| 000 | 00392nam a22001457a 4500 | ||
|---|---|---|---|
| 005 | 20150305125644.0 | ||
| 008 | 150305b xxu||||| |||| 00| 0 eng d | ||
| 040 | _cPK-LaUMT | ||
| 082 |
_aKHC 954.918 _bMUM-A |
||
| 100 | _aMumtaz Husain | ||
| 245 |
_aArab kingdom of Al-Mansurah in Sindh _cMumtaz Husain |
||
| 260 |
_aSindh _bInstitute of Sindhology _c1974 |
||
| 300 | _a216 p. | ||
| 942 | _cBK | ||
| 999 |
_c67529 _d67529 |
||